000 00944cab a2200229 4500
001 WB3125-35
008 090401t1995 xxu||||| |||| 00| 0 eng d
035 _a(Sirsi) u15331
041 _aeng
245 _aEconomic considerations
260 _c1995
350 _a0
490 _aEstates Gazette Case Summaries
_v(1995) EGCS 107(1) (24/6/95)
520 _a"Richard Read (Transport) Ltd v SoS Environment and another" CA 14 June 1995. The inspector was found to have identified the main issue in a decision concerning expansion of an existing commercial site and properly balanced the economic advantages to the business and the impact of the proposed expansion of the appearance of the landscape in refusing planning permission.
650 _aECONOMIC DEVELOPMENT
650 _aPLANNING PERMISSION
650 _aPPG4
650 _aSMALL FIRMS
690 _aPLANNING LAW AND PRACTICE-CASE LAW
942 _n0
948 _c04/03/1997
999 _c10041
_d10041